00263nam a2200097Ia 4500008004100000100003000041245003100071260003700102260000900139999001700148170620s9999 xx 000 0 und d aLal- Raman Bihari (Hindi) 0aShiksha Manovigyan (Hindi) bMeerut- Rastogi Prakashan Mandir c2008 c25107d25107